Loading...
| Literature - American | 0 | 8 | 1 | 0 | 75 | 95 | 115.75 | 1 | 3 | 0.00 | 0.00 |
| Literature - British | 0 | 8 | 1 | 0 | 75 | 95 | 118.13 | 1 | 1 | 0.00 | 0.00 |
| Literature - World | 0 | 5 | 1 | 0 | 45 | 91 | 121.60 | 0 | 1 | 0.00 | 0.00 |
| Fine Arts - Other | 0 | 4 | 1 | 0 | 35 | 62 | 100.25 | 0 | 1 | 0.00 | 0.00 |
| Literature - European | 0 | 4 | 1 | 0 | 35 | 117 | 125.75 | 0 | 1 | 0.00 | 0.00 |
| Other Academic | 0 | 2 | 1 | 0 | 15 | 68 | 87.50 | 0 | 1 | 0.00 | 0.00 |
| Fine Arts - Painting & Sculpture | 0 | 2 | 1 | 0 | 15 | 101 | 118.00 | 0 | 0 | 0.00 | 0.00 |
| Fine Arts - Classical Music | 0 | 1 | 0 | 0 | 10 | 147 | 147.00 | 0 | 0 | 0.00 | 0.00 |
| History - World | 0 | 1 | 0 | 0 | 10 | 99 | 99.00 | 0 | 0 | 0.00 | 0.00 |
| Philosophy | 0 | 1 | 0 | 0 | 10 | 125 | 125.00 | 0 | 0 | 0.00 | 0.00 |
| Science - Physics | 0 | 1 | 0 | 0 | 10 | 130 | 130.00 | 0 | 0 | 0.00 | 0.00 |
| History - American | 0 | 1 | 1 | 0 | 5 | 115 | 115.00 | 0 | 0 | 0.00 | 0.00 |
| Social Science | 0 | 0 | 0 | 0 | 0 | 0.00 | 0 | 0 | 0.00 | 0.00 | |
| Science - Biology | 0 | 0 | 0 | 0 | 0 | 0.00 | 0 | 0 | 0.00 | 0.00 | |
| History - European | 0 | 0 | 1 | 0 | -5 | 0.00 | 0 | 0 | 0.00 | 0.00 |